000 01350cam a2200325 i 4500
001 768714001
003 CO-MdFUSB
005 20220329153805.0
007 ta
008 030321t20032003miu b 001 0 eng d
020 _a158743041X
040 _aVF#
_cCO-MdFUSB
_dKSB
_dPGC
_dNLC
_dUtOrBLW
_bspa
_erda
041 _aeng
082 _223
_a227.06
_bH281
100 1 _aHarink, Douglas Karel,
_d1953-
_eautor
245 1 0 _aPaul among the postliberals :
_bPauline theology beyond Christendom and modernity /
_cDouglas Harink.
264 1 _aGrand Rapids, MI :
_bBrazos,
_c[2003]
264 4 _c© 2003.
300 _a283 páginas ;
_c23 cm.
336 _atexto
_btxt
_2rdacontent.
337 _asin mediación
_bn
_2rdamedia.
338 _avolumen
_bnc
_2rdacarrier.
504 _aIncluye referencias bibliográficas e indice.
505 _aIntroducción : Pablo entre los posliberales -- Justificación : más allá del protestantismo -- Apocalipsis : Gálatas y Hauerwas -- Política : la teología paulina de Yoder -- Israel : "¿Quién cambiará a los elegidos de Dios?" -- Cultura : religión y pluralismo en perspectiva paulina -- Conclusión : Predicar a Pablo más allá de la cristiandad y la modernidad.
563 _aRústico
630 0 7 _aBiblia.
_pEpístolas Paulinas
942 _cBK
945 _aJTF-925
999 _c67580
_d67580